Представление документа в формате RUSMARC

ПолеНазваниеЗначение
  Тип записи a
  Библиографический уровень a
001 Контрольный номер RU/CBS_UL/BASE/eb931e2364fa4231b972f9487b774a91
005 Дата корректировки 20260318224212.8
100 Данные общей обработки __
a Данные общей обработки 20260318 ||| 0rusy0189 ca
101 Язык документа 0_
a Язык текста rus
102 Страна публикации __
a Страна публикации RU
200 Заглавие и сведения об ответственности 1_
a Заглавие Кладезь архивных сокровищ
e Сведения, относящиеся к заглавию [об истории Российского государственного архива социально-политической истории]
f Первые сведения об ответственности Ю. Борисёнок
300 Общие примечания __
a Общие примечания 16+
320 Библиография __
a Библиография Библиогр.: с. 123
461 Уровень набора _0
1 2000
a Родина
463 Уровень физической единицы _0
1 2000
a № 5
v С. 122-123 : фот.
1 2101
d 2021
1 001RU/CBS_UL/BASE/695229592
600 Персоналии _1
a Персоналии (Фамилия) Рязанов
b Персоналии (Имя, инициалы) Д.Б.
606 Тематические рубрики 0_
a Основная рубрика Архивное дело - Россия - История
610 Ключевые слова 0_
a Ключевые слова архивы, архивное дело, история архивного дела, документальная история, архивные документы, оцифровка документов, интернет-проекты, Российский государственный архив социально-политической истории
686 Индексы других классификаций __
2 Код системы rubbk
a Классификационный индекс 79.33
700 Автор _1
a Фамилия Борисёнок
b Имя (инициалы) Ю.
801 Источник записи _0
a Страна RU
b Организация МБУК ЦБС г. Ульяновска
c Дата составления 20260318
g Правила каталогизации RCR
801 Источник записи _1
a Страна RU
b Организация МБУК ЦБС г. Ульяновска
c Дата составления 20260318
g Правила каталогизации RCR
901 Тип документа __
t Тип документа b
w Контрольный № источника RU/CBS_UL/BASE/695229592
909 Создатель записи __
a Создатель записи lib1